01099nam a2200301Ia 450000500170000000800410001702000180005810000510007624500840012725000360021130000580024749000230030565000470032865000510037565000370042665000360046365000340049965000360053370000340056994200150060326400300061833600270064833700330067533800280070804000350073608400110077199900150078220220317001350.0161108s2008 ck a g 000 0 spa  a97895870421531 aMontaña Ibáñez, Francisco Antoniod1966-10aCuentos de SusanacFrancisco Montaña ; ilustraciones de Juan Manuel Ramírez a1a. ediciónb5a reimpresión a105 páginasbilustraciones en blanco y negroc20 cm aAlfaguara infantil142LEMBaNovela juvenil colombiana ySiglo XX142LEMBaLiteratura juvenil colombiana ySiglo XX142LEMBaCiudades en la literatura 142LEMB aNiñas en la literatura142LEMB aHistorias de aventuras142LEMB aAmistad en la literatura1 aRamírez, Juan Manuel971491 2loccBKLIT aBogotábAlfaguarac2008 atextobtxt2rdacontent asin mediaciónbn2rdamedia avolumenbnc2rdacarrier aCO-BoRNBPbspaerdacCO-BoRNBP aN MON6 c6745d6745